[Event "COL-ch U16 sf1"]
[Site "Duitama"]
[Date "2019.04.13"]
[Round "4.6"]
[White "Mosquera Orjuela, Johan Esteban"]
[Black "Florez Caceres, Rafael Omar"]
[Result "0-1"]
[WhiteElo "1494"]
[BlackElo "1583"]
[PlyCount "76"]
[EventDate "2019.04.11"]
[EventType "swiss"]
[EventRounds "6"]
[EventCountry "COL"]
[SourceTitle "EXT 2024"]
[Source "ChessBase"]
[SourceDate "2023.10.10"]
[SourceVersion "1"]
[SourceVersionDate "2023.10.10"]
[SourceQuality "1"]

1. c4 g6 2. f4 Bg7 3. Nf3 c5 4. Nc3 Nc6 5. g3 d6 6. Bg2 e6 7. 0-0 Nge7 8. a3 0-0 9. Rb1 Bd7 10. b4 cxb4 11. axb4 Qb6+ 12. Kh1 Rfc8 13. c5 Qc7 14. Nb5 Qb8 15. cxd6 Nd5 16. e4 Ndxb4 17. Nc7 Rxc7 18. dxc7 Qxc7 19. d4 Qd6 20. Ba3 a5 21. Qd2 Bc8 22. Rfd1 Bf8 23. d5 exd5 24. exd5 Na7 25. Ne5 Nb5 26. Bxb4 axb4 27. Rb3 Nc3 28. Rc1 Bf5 29. g4 Ra2 30. Rb2 Rxb2 31. Qxb2 Be4 32. Bxe4 Nxe4 33. Qd4 Nc3 34. Nd3 Ne2 35. Qc4 Nxc1 36. Nxc1 Qa6 37. Qd3 Qa1 38. Kg2 Qxc1 0-1

[Event "COL-ch U16 sf1"]
[Site "Duitama"]
[Date "2019.04.12"]
[Round "3.11"]
[White "Velasquez, Joan Sebastian"]
[Black "Mosquera Orjuela, Johan Esteban"]
[Result "0-1"]
[WhiteElo "1444"]
[BlackElo "1494"]
[PlyCount "118"]
[EventDate "2019.04.11"]
[EventType "swiss"]
[EventRounds "6"]
[EventCountry "COL"]
[SourceTitle "EXT 2024"]
[Source "ChessBase"]
[SourceDate "2023.10.10"]
[SourceVersion "1"]
[SourceVersionDate "2023.10.10"]
[SourceQuality "1"]

1. e4 c5 2. Nf3 e6 3. d4 cxd4 4. Nxd4 a6 5. Nc3 Qc7 6. Be2 Nf6 7. Be3 Bb4 8. Bd2 b5 9. 0-0 Bb7 10. Nb1 Bxd2 11. Nxd2 Nxe4 12. Nxe4 Bxe4 13. Bf3 Bxf3 14. Qxf3 Nc6 15. Rac1 0-0 16. Nxc6 Qxc6 17. Qxc6 dxc6 18. c4 Rfd8 19. cxb5 axb5 20. Rfd1 Rxd1+ 21. Rxd1 Kf8 22. a3 Ke7 23. Kf1 Ra4 24. Ke2 b4 25. Rd3 bxa3 26. Rxa3 Rb4 27. b3 Kf6 28. Kd3 h5 29. Kc3 Rb5 30. Kc4 Rd5 31. b4 Ke5 32. Ra5 g5 33. Rc5 Kd6 34. Rxd5+ exd5+ 35. Kd4 c5+ 36. bxc5+ Kc6 37. f3 h4 38. g3 h3 39. f4 gxf4 40. gxf4 f5 41. Ke5 Kxc5 42. Kxf5 Kc4 43. Kg4 d4 44. Kf3 Kc3 45. Ke2 Kc2 46. Kf3 d3 47. Kg3 d2 48. Kxh3 d1Q 49. Kh4 Kd3 50. Kg5 Qg1+ 51. Kf6 Qxh2 52. f5 Ke4 53. Kg6 Qg3+ 54. Kf6 Qe5+ 55. Kg5 Qxf5+ 56. Kh4 Qg6 57. Kh3 Kf4 58. Kh2 Kf3 59. Kh1 Qg2# 0-1

[Event "COL-ch U16 sf1"]
[Site "Duitama"]
[Date "2019.04.11"]
[Round "1.11"]
[White "Gomez Leon, Sebastian"]
[Black "Mosquera Orjuela, Johan Esteban"]
[Result "0-1"]
[WhiteElo "1513"]
[BlackElo "1494"]
[PlyCount "50"]
[EventDate "2019.04.11"]
[EventType "swiss"]
[EventRounds "6"]
[EventCountry "COL"]
[SourceTitle "EXT 2024"]
[Source "ChessBase"]
[SourceDate "2023.10.10"]
[SourceVersion "1"]
[SourceVersionDate "2023.10.10"]
[SourceQuality "1"]

1. d4 f5 2. Nc3 Nf6 3. e3 g6 4. Bc4 Bg7 5. Qf3 Nc6 6. a3 b6 7. Bd2 Bb7 8. 0-0-0 Na5 9. Bd5 Nxd5 10. Nxd5 e6 11. e4 fxe4 12. Qg3 Bxd5 13. Ne2 0-0 14. h4 Nc4 15. Bf4 Bb7 16. h5 Qf6 17. Rh4 e5 18. dxe5 Nxe5 19. hxg6 Nxg6 20. Rg4 Ba6 21. Rxd7 Qxb2+ 22. Kd1 Rad8 23. Rxd8 Rxd8+ 24. Bd2 Bxe2+ 25. Kxe2 Qxc2 0-1

[Event "COL-ch U18 sf1"]
[Site "Ibague"]
[Date "2019.04.06"]
[Round "4.5"]
[White "Mosquera Orjuela, Johan Esteban"]
[Black "Valencia Lopez, Daily Vanessa"]
[Result "0-1"]
[WhiteElo "1494"]
[BlackElo "1606"]
[PlyCount "70"]
[EventDate "2019.04.04"]
[EventType "tourn"]
[EventRounds "6"]
[EventCountry "COL"]
[SourceTitle "EXT 2024"]
[Source "ChessBase"]
[SourceDate "2023.10.10"]
[SourceVersion "1"]
[SourceVersionDate "2023.10.10"]
[SourceQuality "1"]

1. c4 c5 2. Nc3 Nc6 3. g3 g6 4. Bg2 Bg7 5. d3 e6 6. e4 Nge7 7. Be3 d6 8. Nge2 0-0 9. 0-0 Nd4 10. Bxd4 Bxd4 11. Nxd4 cxd4 12. Ne2 e5 13. b4 a5 14. b5 b6 15. a4 Bg4 16. f3 Be6 17. h3 Rc8 18. f4 f5 19. Kh2 Qd7 20. h4 Kg7 21. Qd2 Ng8 22. h5 Nf6 23. h6+ Kh8 24. exf5 Ng4+ 25. Kg1 Bxf5 26. Rfc1 Ne3 27. Ra3 Bg4 28. fxe5 dxe5 29. c5 Nxg2 30. Kxg2 Qd5+ 31. Kg1 Bh3 32. Nf4 exf4 33. Qh2 Qf3 34. Re1 fxg3 35. Qe2 Qxe2 0-1

[Event "COL-ch U18 sf1"]
[Site "Ibague"]
[Date "2019.04.04"]
[Round "1.8"]
[White "Mosquera Orjuela, Johan Esteban"]
[Black "Manzano Gomez, Valentina"]
[Result "0-1"]
[WhiteElo "1494"]
[BlackElo "1604"]
[PlyCount "82"]
[EventDate "2019.04.04"]
[EventType "tourn"]
[EventRounds "6"]
[EventCountry "COL"]
[SourceTitle "EXT 2024"]
[Source "ChessBase"]
[SourceDate "2023.10.10"]
[SourceVersion "1"]
[SourceVersionDate "2023.10.10"]
[SourceQuality "1"]

1. c4 c5 2. Nc3 Nc6 3. g3 g6 4. Bg2 Bg7 5. Nf3 e6 6. e3 Nge7 7. d4 cxd4 8. exd4 d5 9. b3 0-0 10. c5 Qa5 11. Bb2 Nf5 12. 0-0 Nfxd4 13. Nxd4 Bxd4 14. Rc1 Bg7 15. Re1 Qxc5 16. Nxd5 Qa5 17. Bxg7 Kxg7 18. Ne3 Rd8 19. Qc2 Rd2 20. Qc3+ Qxc3 21. Rxc3 Bd7 22. Rec1 Nd4 23. Kf1 Bb5+ 24. Nc4 Rxa2 25. Bxb7 Rb8 26. Be4 Ne2 27. R1c2 Nxc3 28. Rxc3 Bxc4+ 29. bxc4 Rbb2 30. Rf3 Re2 31. Bb1 Rab2 32. c5 Re5 33. Bd3 Rxc5 34. Rf4 a5 35. Ra4 Rc3 36. Be4 Rb4 37. Rxb4 axb4 38. Ke2 f5 39. Bb1 Rc1 40. Bd3 b3 41. Kd2 b2 0-1

[Event "COL-ch U18"]
[Site "Barranquilla"]
[Date "2018.11.26"]
[Round "6"]
[White "Mosquera Orjuela, Johan Esteban"]
[Black "Molina Sanchez, Juan Manuel"]
[Result "1-0"]
[WhiteElo "1531"]
[BlackElo "1500"]
[PlyCount "117"]
[EventDate "2018.11.24"]
[EventType "swiss"]
[EventRounds "7"]
[EventCountry "COL"]
[SourceTitle "CBM 187 Extra"]
[Source "ChessBase"]
[SourceDate "2018.11.04"]
[SourceVersion "1"]
[SourceVersionDate "2018.11.04"]
[SourceQuality "1"]

1. c4 e5 2. g3 Nf6 3. Bg2 c6 4. Nc3 d6 5. a3 Be6 6. d3 d5 7. Nf3 d4 8. Nb1 Nbd7 9. e3 c5 10. Nbd2 Rb8 11. h3 Bd6 12. Ng5 a6 13. Nxe6 fxe6 14. Qe2 0-0 15. exd4 cxd4 16. b4 b6 17. Bb2 Re8 18. 0-0 a5 19. Nf3 axb4 20. axb4 Bxb4 21. Nxe5 Nxe5 22. Qxe5 Bc3 23. Bxc3 dxc3 24. Qxc3 b5 25. cxb5 Rxb5 26. Ra8 Qd7 27. Bc6 Qc7 28. Rxe8+ Nxe8 29. Qc4 Rb8 30. Qxe6+ Qf7 31. Qxf7+ Kxf7 32. Bxe8+ Rxe8 33. Kg2 Re6 34. g4 Ke7 35. Kg3 g5 36. h4 h6 37. hxg5 hxg5 38. f4 gxf4+ 39. Rxf4 Re3+ 40. Rf3 Re6 41. g5 Rg6 42. Kg4 Rd6 43. Kh5 Rc6 44. g6 Re6 45. g7 Re1 46. g8Q Rh1+ 47. Kg4 Rg1+ 48. Rg3 Rxg3+ 49. Kxg3 Kd6 50. Qe8 Kd5 51. Kf4 Kd6 52. Ke4 Kc5 53. Qa4 Kd6 54. Qb5 Ke6 55. Qc6+ Kf7 56. Kf5 Ke7 57. Qc7+ Kf8 58. Kf6 Kg8 59. Qg7# 1-0

[Event "COL-chT"]
[Site "Ibague"]
[Date "2018.10.11"]
[Round "1.1"]
[White "Ospina Castro, Santiago"]
[Black "Mosquera Orjuela, Johan Esteban"]
[Result "1-0"]
[WhiteElo "1884"]
[BlackElo "1540"]
[PlyCount "53"]
[EventDate "2018.10.11"]
[EventType "team-swiss"]
[EventRounds "6"]
[EventCountry "COL"]
[SourceTitle "CBM 186 Extra"]
[Source "ChessBase"]
[SourceDate "2018.08.24"]
[SourceVersion "1"]
[SourceVersionDate "2018.08.24"]
[SourceQuality "1"]
[WhiteTeam "Antioquia II"]
[BlackTeam "Tolima II"]
[WhiteTeamCountry "COL"]
[BlackTeamCountry "COL"]

1. e4 c5 2. Nc3 g6 3. Bc4 Bg7 4. Qf3 e6 5. Nb5 d6 6. Qg3 Be5 7. f4 Bf6 8. Nf3 a6 9. Nxd6+ Qxd6 10. e5 Bxe5 11. fxe5 Qc7 12. 0-0 b5 13. Be2 Ne7 14. d3 Nbc6 15. Bg5 Nf5 16. Qf4 h6 17. Bf6 Rg8 18. g4 Ncd4 19. Bd1 g5 20. Qd2 Ne7 21. Nxd4 cxd4 22. Bf3 Bb7 23. Bxb7 Qxb7 24. Bxe7 Kxe7 25. Qf2 Rgf8 26. Qxd4 Rad8 27. Qc5+ 1-0